|
|
|
|
| LEADER |
00561cam a2200157 7i4500 |
| 001 |
0000022000 |
| 005 |
20081204090000.0 |
| 090 |
0 |
0 |
|a M 338.4767
|b MAL
|
| 110 |
2 |
0 |
|a Malaysian Industrial Development Authority [MIDA]
|
| 245 |
2 |
0 |
|a Penyata prestasi sektor perkilangan dan sektor-sektor berkaitan Januari-April 2008.
|
| 260 |
0 |
0 |
|a [S.l]:
|b MIDA,
|c 2008.
|
| 300 |
# |
# |
|a [v.p].
|
| 650 |
0 |
0 |
|a Manufacturing sector performance --
|z Malaysia
|
| 650 |
0 |
0 |
|a Services sector performance --
|z Malaysia
|
| 651 |
0 |
0 |
|a Malaysia
|
| 999 |
|
|
|a 0000022499
|b Book
|c Countries
|e Business Information Centre
|